000 00611cam a22002293a 4500
001 29891
003 PGUSA
005 20140828083639.0
008 090902s2009||||xxu|||||s|||||000 1 eng d
040 _aPGUSA
_beng
042 _adc
050 4 _aPR
100 1 _aOliphant,
_cMrs
_q(Margaret),
_d1828-1897
245 1 4 _aThe Rector
_h[electronic resource] /
_cOliphant,
260 _bProject Gutenberg,
_c2009
506 _aPublic domain in the USA.
516 _aElectronic text
653 _aFiction
830 0 _aProject Gutenberg
_v29891
856 4 0 _uhttp://www.gutenberg.org/ebooks/29891
942 _cEB
999 _c259146
_d259146